Cuerpo Humano (Registro nro. 37480)

Detalles MARC
000 -CABECERA
Longitud fija campo de control 00509nam a2200157 4500
003 - • IDENTIFICADOR DELl NÚMERO DE CONTROL
Identificador del número de control CO-ViMGA
020 ## - • NÚMERO INTERNACIONAL NORMALIZADO PARA LIBROS
Número Internacional Normalizado para Libros (ISBN) 9789583046261
040 ## - FUENTE DE LA CATALOGACIÓN
Centro catalogador de origen CO-ViMGA
Lengua de catalogación spa
Centro transcriptor CO-ViMGA
082 04 - • NÚMERO DE LA CLASIFICACIÓN DECIMAL DEWEY
Número de clasificación (R) 611
Número del ítem C82
245 10 - • TITULO PROPIAMENTE DICHO
Título Cuerpo Humano
Resto del título Descubre lo que hay dentro
Mención de responsabilidad, etc. Cesar Cardozo Tovar, Andrea Moure Bejarano
300 ## - • DESCRIPCIÓN FÍSICA
Extensión 12 p. :
Otras características físicas il, laminas, : 22 cm.
650 14 - • PUNTO DE ACCESO ADICIONAL DE MATERIA - TÉRMINO DE MATERIA
Término de materia o nombre geográfico como elemento inicial Anatomía
Subdivisión de forma Funcionamiento del cuerpo humano
700 1# - • PUNTO DE ACCESO ADICIONAL - NOMBRE DE PERSONA
Nombre de persona Andrea Moure Bejarano
Término indicativo de función Tr.
942 ## - ENTRADA DE ELEMENTOS AGREGADOS (KOHA)
Fuente de clasificaión o esquema Dewey Decimal Classification
Koha [por defecto] tipo de item LIbro
Existencias
Perdido Fuente de clasificación o esquema Estado Físico No para préstamo Forma de adquisición Localización permanente Localización actual Fecha adquisición Préstamos totales Signatura completa Código de barras Fecha última consulta Fecha último préstamo Número de copia Fecha del precio de reemplazo Tipo de item de Koha
  Dewey Decimal Classification     Sala Infantil Segundo Piso Biblioteca Pública Germán Arciniegas - Villavicencio Biblioteca Pública Germán Arciniegas - Villavicencio 09/20/2016 3 611 C82 30828 10/27/2018 10/17/2018 Ej. 1 09/20/2016 LIbro









Instituto Departamental de Cultura del Meta - Red Departamental de Bibliotecas Públicas del Meta.